000 01340nmm a2200337 a 4500
003 AR-BaBNM
005 20251128203851.0
008 207019s1975 ||||||||||||||000 | spa||
040 _cAR-BaBNM
245 1 0 _aEl empleo de la simulación en la administración educacional
260 _aBuenos Aires
_bPaidós
_c1975
300 0 _a274 p.
_bdiagr.
500 0 _aContiene referencias bibliográficas al final de cada capítulo
500 1 _aEsta publicación ha sido preparada conjuntamente por la editorial y el Centro Regional de Ayuda Técnica, Agencia para el Desarrollo Internacional AID, Departamento de Estado del Gobierno de los Estados Unidos de América. El Centro es una organización dedi
650 4 _aADMINISTRACION DE LA EDUCACION
650 4 _aSUPERVISORES DE PRACTICA DOCENTE
650 4 _aINSPECTORES
650 4 _aADMINISTRACION ESCOLAR
650 4 _aORGANIZACION ADMINISTRATIVA
650 4 _aSUPERVISION DE LOS DOCENTES
653 0 _aGESTION EDUCATIVA
700 1 _aBolton, Dale L.
_ecompilador
700 1 _aAnderson, Donald P.
_ecolaborador
700 1 _aBessent, Wailand
_ecolaborador
700 1 _aCunningham, Luvern L.
_ecolaborador
700 1 _aHorvat, John J.
_ecolaborador
700 1 _aImmegart, Glenn
_ecolaborador
700 1 _aOhm, Robert E.
_ecolaborador
942 _cBK
998 _cSILVI
999 _c5251
_d5251